Responses for Show #2550 - Friday, October 6, 1995

Contestants

[<< previous game]

Diana Ashbrook, a teacher from Los Angeles, California

Ana Wagner-Hoffman, a travel writer from Ames, Iowa

Patrick McGeehan, a journalist from Hoboken, New Jersey (whose 1-day cash winnings total $9,200)

[next game >>]

Jeopardy! Round responses

THE BIBLE
THE OLYMPICS
ATTIRE
STATE CAPITALS
FACTS & FIGURES
STARTS WITH "UM"
    $100 3
gold

Patrick
    $100 1
(men's) basketball

Diana
    $100 11
Michael Jackson

Diana
    $100 18
St. Paul

Patrick
    $100 27
height

Diana
    $100 13
umbrella

Diana
    $200 5
swords

Patrick
    $200 2
decathlon

Ana
    $200 12
wig

Patrick
    $200 19
Boise

Diana
    $200 28
the windiest

Ana
    $200 14
umpire

Patrick
    $300 8
The Sermon on the Mount

Ana
    $300 4
floor exercise

Ana
    $300 23
habit

Ana
    $300 20
Carson City, Nevada

Diana
    $300 29
supercalifragilisticexpialidocious

Diana
    $300 15
umber

Ana
    $400 9
Babylon

Diana
    $400 6
Dan Jansen

Diana
    $400 24
kilt

Diana
    $1,500 21
(Diana: What is Detroit?)

Lansing, Michigan

Diana
    $400 30
65

Patrick
    $400 16
umlaut

Ana
    $500 10
Armageddon

Ana
    $500 7
Israel

Ana
    $500 25
dashiki

Patrick
    $500 22
(Anna: What is Kennebunk?)
(Diana: What is Orono?)
(Patrick: What is Des Moines?)

Augusta, Maine

PatrickAnaDiana
Triple Stumper
    $500 26
(Patrick: What is London's airport?)
(Alex: Which one?)
(Patrick: [no response])

Heathrow

PatrickDiana
    $500 17
umpteen

Ana

Scores at the first commercial break (after clue 16):

Patrick Ana Diana
$700 $2,500 $1,100

Scores at the end of the Jeopardy! Round:

Patrick Ana Diana
$700 $3,000 $900

Double Jeopardy! Round responses

HISTORIC NAMES
AWARDS
WORLD GEOGRAPHY
FICTIONAL WOMEN
SCIENCE
MYTHOLOGICAL WORDS & PHRASES
    $200 18
Confucius

Ana
    $200 1
Jacques Cousteau

Ana
    $200 2
Nicaragua

Ana
    $200 12
Endearment

Diana
    $200 26
fault

Ana
    $200 7
Bacchus

Patrick
    $400 19
(Diana: What is Essex?)

Sir Walter Raleigh

Diana
Triple Stumper
    $400 14
Steven Spielberg

Patrick
    $400 3
Mont Blanc

Diana
    $400 13
Sophie's Choice

Patrick
    $400 27
hemoglobin

Ana
    $400 8
Venus

Ana
    $600 20
Joan of Arc

Diana
    $600 15
(Ana: What is The Washington Post?)

New York Times

AnaDiana
    $600 4
the Danube

Ana
    $600 23
(Diana: Who is D.E. Lawrence?)
(Alex: If you had just said "Lawrence", we would have accepted it, but you gave us some extra information, which was incorrect.)

D.H. Lawrence

Diana
Triple Stumper
    $600 28
(Diana: What is isotonic?)

isometric

Diana
Triple Stumper
    $600 9
the Muses

Ana
    $800 21
Hippocrates

Patrick
    $800 16
I.M. Pei

Patrick
    $1,000 5
(Ana: What is the Sahara?)

the Kalahari

Ana
    $800 24
Nurse Ratched

Patrick
    $800 29
the Earth

Ana
    $800 10
(Diana: What are vibragos?)

Harpies

PatrickDiana
    $1000 22
(Diana: Who was Charlemagne?)

Frederick Barbarossa

Diana
Triple Stumper
    $1000 17
Earl Warren

Diana
    $1000 6
Godwin-Austen

Triple Stumper
    $1000 25
(Alex: Less than a minute to go.)

The Handmaid's Tale

Patrick
    $100 30
(Ana: What is an anarobic...sugar breakdown?)

fermentation

Ana
    $1000 11
chaos

Ana

Scores at the end of the Double Jeopardy! Round:

Patrick Ana Diana
$5,900 $5,900 $300

[wagering suggestions for these scores]

Final Jeopardy! Round responses

PRIMATES
DianaWhat are the apes of Gibraltar
$295
AnaWhat is a Mandrille?
$5,899
PatrickWhat is Spider Monkey
$5,100
The Gibraltar Ape

Final scores:

Patrick Ana Diana
$800 $1 $595
2-day champion: $10,000 + Jeopardy! '92 home game 3rd place: pair of Wittenauer wristwatches + Jeopardy! '92 home game 2nd place: a trip to Quail Lodge Resort in Carmel, California + Ricardo Beverly Hills luggage + Jeopardy! '92 home game

Game dynamics:

Coryat scores:

Patrick Ana Diana
$5,900 $7,000 $1,800
15 R,
2 W
20 R,
4 W
(including 2 DDs)
16 R,
7 W
(including 1 DD)

Combined Coryat: $14,700

[game clues] [game scores] [suggest correction]

Game tape date: Unknown
The J! Archive is created by fans, for fans. Scraping, republication, monetization, and malicious use prohibited; this site may use cookies and collect identifying information. See terms. The Jeopardy! game show and all elements thereof, including but not limited to copyright and trademark thereto, are the property of Jeopardy Productions, Inc. and are protected under law. This website is not affiliated with, sponsored by, or operated by Jeopardy Productions, Inc. Join the discussion at JBoard.tv.